000 00561nam a2200181Ia 4500
001 16073
005 20260306170242.0
008 260306t2014||||xx |||||||||||||| ||und||
041 _aESP
082 _a346.6
_bJ24
100 _aJaramillo J., Carlos Ignacio
_eAUT
245 0 _aInterpretación, calificación e integración del contrato:
_baproximación tridimencional, al "proceso interpretativo" en el derecho privado contemporáneo
260 _c2014
300 _a257 páginas :
_c23 cm.
650 _aGEN
654 _aCDE
942 _cLIB
_dJUS
_fJUS
_2ddc
_n
999 _c16073
_d16073